00588 2200217 4500001002100000005001500021035002000036007000300056008004100059020002200100082001200122084001800134100002000152245008400172250001000256260003400266300002500300650001800325700001700343990001000360INLIS00000000000061620171011102940 a0010-1017000170ta171011 f 0 ind  a978-979-010-639-0 a297.273 a297.273 RIV i0 aRivai, Veithzal1 aIslamic Economics :bEkonomi Syariah bukan Opsi tetapi Solusi /cVeithzal Rivai aCet.1 aJakarta :bBumi Aksara,c2009 a574hlm ;c18 x 26 cm aEkonomi Islam0 aAndi Buchari a13408